000 nam a22 7a 4500
999 _c56676
_d56676
005 20231107120541.0
008 200921b xxu||||| |||| 00| 0 eng d
040 _aANE
041 _aEs
100 _aForero Forero, Jorge Enrique
245 _aTesis Economía Política
260 _c2011
300 _a185 p.
856 _uhttp://documentacion.asambleanacional.gob.ec/alfresco/d/d/workspace/SpacesStore/18cdf651-775b-4dfa-863c-99e50709f287/TESIS%20ECONOM%c3%8dA%20POL%c3%8dTICA.pdf
942 _2ddc
_cBV
_zNr.